000 00717nam a22001815i 4500
001 167344
003 ES-MaACL
005 20230906213514.0
008 150907s1898 sp a |||| |dspa d
245 0 0 _aVigo y Doña Concepción Arenal :
_bel libro de la velada, 10 de septiembre de 1897.
260 _aMadrid :
_b[s.n.],
_c1898 (
_fEst. Tip. de la Viuda e Hijos de Manuel Tello)
300 _a86, [22] p. :
_bil. ;
_c31 cm.
530 _aDisponible en formato digital.
600 1 4 _aArenal, Concepción,
_d1820-1893-
_vHomenajes
_922593
852 4 _aES-MaACL
_jT-991-F-5
856 _uhttp://biblioteca.galiciana.gal/es/consulta/registro.do?id=8433
_zBiblioteca Dixital de Galicia
999 _c167344
_d167344